| 000 | 00627cam a22002294a 4500 | ||
|---|---|---|---|
| 005 | 20250605164326.0 | ||
| 008 | 250528s ||||||||||||||||||||||||d | ||
| 035 | _a23060 | ||
| 020 | _a9780134578620 | ||
| 040 |
_aGR-AtMCL _bgre _dGR-AtMCL _eAACR2 |
||
| 245 | 1 | _aUSING STATISTICS IN INDUSTRY / QUALITY IMPROVEMENT THROUGH TOTAL PROCESS CONTROL | |
| 250 | _a1 | ||
| 260 |
_bPrentice Hall, _c1994 |
||
| 300 | _a361 | ||
| 700 | 1 |
_aBetteley Gordon _91466 |
|
| 700 | 1 |
_aMettrick Neville _91467 |
|
| 700 | 1 |
_aSweeney Edward _91468 |
|
| 700 | 1 |
_aWilson David _91377 |
|
| 942 | _cBK | ||
| 999 |
_c8100 _d8100 |
||